Strength of Materials (Record no. 3725)

MARC details
000 -LEADER
fixed length control field 00414nam a22001697a 4500
005 - DATE AND TIME OF LATEST TRANSACTION
control field 20211203102833.0
008 - FIXED-LENGTH DATA ELEMENTS--GENERAL INFORMATION
fixed length control field 160623b xxu||||| |||| 00| 0 eng d
020 ## - INTERNATIONAL STANDARD BOOK NUMBER
ISBN 978-81-265-3487-6
041 ## - LANGUAGE CODE
Language code of text/sound track or separate title eng
082 ## - DEWEY DECIMAL CLASSIFICATION NUMBER
Item number 9455
100 ## - MAIN ENTRY--AUTHOR NAME
Personal name Nag, Debabarata and Chanda, Abhijit
245 ## - TITLE STATEMENT
Title Strength of Materials
260 ## - PUBLICATION, DISTRIBUTION, ETC. (IMPRINT)
Name of publisher Wiely
Year of publication 2012
300 ## - PHYSICAL DESCRIPTION
Number of Pages 740
650 ## - SUBJECT ADDED ENTRY--TOPICAL TERM
Topical Term Diploma Engineering
942 ## - ADDED ENTRY ELEMENTS (KOHA)
Koha item type Books
Holdings
Lost status Damaged status Home library Current library Shelving location Date acquired Cost, normal purchase price Full call number Accession Number Koha item type
    JRU Library   SHELF-48-I 23/06/2016 539.00 9455 9455 Books
    JRU Library   SHELF-48-I 23/06/2016 539.00 9455 9456 Books
    JRU Library   SHELF-48-I 23/06/2016 539.00 9455 9457 Books
    JRU Library   SHELF-48-I 23/06/2016 539.00 9455 9458 Books
    JRU Library   SHELF-48-I 23/06/2016 539.00 9455 9459 Books